000 00319nam a2200133Ia 4500
008 150201s2007 xx 000 0 und d
082 _a612
_bP07K
100 _aBROWN,THOMAS
245 _aRAPID REVIEW PHYSIOLOGY
250 _a1ST
260 _bELSEVIER
_aDELHI
_c2007
650 _aHUMAN PHYSIOLOGY
942 _2ddc
_cBK
_08
999 _c1173
_d1173